[Event "Champions Showdown Kings Blitz 2019-E"]
[Site "Saint Louis"]
[Date "2019.02.22"]
[Round "16"]
[White "Shankland, Samuel"]
[Black "Rapport, Richard"]
[Result "1-0"]
[WhiteElo "2731"]
[BlackElo "2735"]
[Annotator "TA"]
[PlyCount "91"]
[EventDate "2019.02.09"]
[EventType "match"]
[EventCountry "USA"]
[SourceTitle "playchess.com"]
[Source "ChessBase"]
[SourceQuality "1"]

{[%evp 19,91,41,38,33,41,35,71,47,52,53,64,20,25,20,24,23,29,22,177,148,137,22,104,70,72,50,97,73,207,190,245,244,204,181,226,227,296,280,325,303,704,712,794,781,1456,1433,1423,1242,1312,1111,942,0,0,0,0,0,0,0,0,0,0,0,0,0,0,0,502,481,1480,1386,29986,29983,29982,29982]} 1. c4 e6 2. Nf3 d5 3. g3 Nf6 4. Bg2 Be7 5. O-O O-O 6. d4 Ne4 7. Qc2 c6 8. b3 Nd7 9. Bb2 Qe8 10. Nc3 {[%cal Bb1c3,Bc3e2,Be2d4][%mdl 32]} f5 11. e3 {A95: Classical Dutch: Classical Stonewall: 7 Nc3 c6} (11. Ne1 Nd6 12. Na4 Nf6 13. Nd3 Qh5 14. e3 Ng4 15. h3 Nf6 16. Ba3 Qe8 17. Ne5 Nfe4 18. Nb2 b6 {1-0 (80) Guberna,A (2366)-Ishemguzhin,I (2158) ICCF email 2015}) 11... Bd6 12. Ne2 (12. Ne1 {seems wilder.} Qe7 13. c5 Bc7 14. Ne2 e5 15. Nd3) 12... g5 $146 ({Predecessor:} 12... Qh5 13. Nf4 Qh6 14. Ne5 Nxe5 15. dxe5 Be7 16. f3 {½-½ (59) Holloway,N-Parr,F Eastbourne/ East Sussex 1973}) 13. Ne5 {White is better.} Nxe5 14. dxe5 Be7 $1 15. f3 {Strongly threatening cxd5.} Nc5 16. Nd4 Bd7 17. b4 Na6 18. a3 f4 $2 (18... c5 $11 {and Black stays safe.} 19. bxc5 dxc4) 19. Bh3 $36 {[%mdl 2048] White has strong initiative.} Nc7 20. Rae1 (20. exf4 $16 {cxd5 is the strong threat.} dxc4 21. f5 (21. Qxc4 gxf4 22. Rad1 Kh8 $11)) 20... fxg3 (20... dxc4 $11 {remains equal.} 21. Qxc4 fxe3) 21. hxg3 {Black must now prevent cxd5.} dxc4 22. Qxc4 Qg6 23. e4 Kh8 (23... Rf7 $16 {was called for.}) 24. Nf5 $18 exf5 (24... Bd8 $142 25. Rd1 g4) 25. e6+ $1 {[%mdl 64] Discovered Attack} Bf6 26. Bxf6+ ({And not} 26. exf5 Qh6 $17) 26... Qxf6 27. exd7 f4 28. e5 Qh6 29. Kg2 {Hoping for e6.} fxg3 $2 (29... Nd5 30. e6 Qf6) 30. e6 Nd5 31. e7 Nf4+ {[#]} 32. Qxf4 $1 {[%mdl 512]} gxf4 (32... Rxf4 33. d8=Q+) 33. e8=Q Raxe8 34. Rxe8 Qf6 35. Rxf8+ $2 ({Only move:} 35. Rfe1 $18 {Threatening mate with Rxf8+.} Qd4 36. Rxf8+ Kg7 {[#]} 37. Bf5 $3 {[%mdl 512]} (37. Kh1 $2 Qd2 $19)) 35... Qxf8 {[%mdl 4096] Endgame KQ-KRB} 36. Re1 {White threatens Re8 and mate.} Qf6 {( -> ...Qb2+)} 37. Re2 Kg7 (37... Qd4 $5 38. Re8+ $8 Kg7 $11) 38. Rd2 Qd8 {Threatens to win with ...h5.} 39. Bg4 h5 40. Bxh5 Kf6 41. Bg4 Kg7 42. Rd4 Kg6 $2 {[%mdl 8192]} (42... Kh6 $11 {and Black is okay.}) 43. Rxf4 a5 (43... Qh8 $142 44. Bh3 Qb2+ 45. Kxg3 Qd2) 44. Re4 Qf8 45. Re6+ Kg5 46. Re8 {Accuracy: White = 50%, Black = 23%.} 1-0

[Event "Champions Showdown Kings Blitz 2019-E"]
[Site "Saint Louis"]
[Date "2019.02.22"]
[Round "17"]
[White "Rapport, Richard"]
[Black "Shankland, Samuel"]
[Result "1-0"]
[WhiteElo "2735"]
[BlackElo "2731"]
[Annotator "TA"]
[PlyCount "47"]
[EventDate "2019.02.09"]
[EventType "match"]
[EventCountry "USA"]
[SourceTitle "playchess.com"]
[Source "ChessBase"]
[SourceQuality "1"]

{[%evp 9,47,0,0,-7,0,0,0,-16,-14,-25,0,-47,-14,0,0,0,0,0,25,-63,-46,-156,-158,-181,-176,-179,-97,-93,278,262,611,583,600,591,598,588,637,637,666,636]} 1. d4 d5 2. Nc3 Nf6 3. Bg5 Nbd7 4. e3 c6 5. Nf3 e6 6. Bd3 {D01: Veresov Opening} Be7 7. O-O O-O 8. h3 {The position is equal.} c5 9. a3 a6 10. Ne5 $146 ({Predecessor:} 10. Re1 b5 11. Ne5 Nxe5 12. dxe5 Nd7 13. Bxe7 Qxe7 {0-1 (33) Bossi,N (1429)-Reede,A (1658) LSS email 2012}) 10... h6 11. Bf4 Nxe5 12. dxe5 Nd7 13. Qg4 $36 {[%mdl 2048] [#] Hoping for Bxh6. White is pushing.} f5 14. Qg6 (14. exf6 $1 $11 Rxf6 15. Bg3) 14... Rf7 $1 $15 15. Qxe6 (15. Qh5 $15) 15... Nf6 $1 $17 16. Bxf5 Bxe6 17. Bxe6 Ne8 (17... Ne4 $19 {And now ...Nxc3 would win.} 18. Nxd5 Qf8) 18. Nxd5 Nc7 $2 {[%mdl 8192] [#]} (18... Kf8 $17 19. Bg3 Qa5) 19. Nxc7 Rb8 $2 (19... Qxc7 20. Bxf7+ Kh8) 20. Bxf7+ {White is clearly winning.} Kxf7 21. Rad1 Qf8 22. Rd7 Rd8 23. Rfd1 Rxd7 24. e6+ {Accuracy: White = 37%, Black = 24%.} 1-0

[Event "Champions Showdown Kings Blitz 2019-E"]
[Site "Saint Louis"]
[Date "2019.02.24"]
[Round "18"]
[White "Shankland, Samuel"]
[Black "Rapport, Richard"]
[Result "0-1"]
[WhiteElo "2731"]
[BlackElo "2735"]
[Annotator "TA"]
[PlyCount "86"]
[EventDate "2019.02.09"]
[EventType "match"]
[EventCountry "USA"]
[SourceTitle "playchess.com"]
[Source "ChessBase"]
[SourceQuality "1"]

{[%evp 11,86,9,35,0,33,36,74,51,44,50,51,0,0,-43,-79,-72,-60,-37,0,0,24,-25,-26,-80,-80,-84,-86,-91,-95,-89,-86,-77,-76,-106,-114,-94,-102,-263,-266,-270,-266,-275,-275,-269,-266,-275,-273,-275,-268,-268,-259,-293,-284,-279,-258,-270,-238,-384,-381,-431,-341,-462,-462,-462,-443,-461,-456,-558,-458,-433,-445,-462,-383,-851,-826,-747,-691]} 1. c4 c5 2. g3 Nc6 3. Bg2 g6 4. Nf3 Bg7 5. Nc3 d6 6. O-O h5 7. e3 {A37: Symmetrical English vs ...g6: 4 Bg2 Bg7 5 Nf3} Bxc3 $146 ({Predecessor:} 7... Nh6 8. d4 Bg4 9. dxc5 dxc5 10. h3 Bd7 11. e4 Qc8 12. Nd5 h4 13. Bf4 Kf8 14. g4 Bxb2 {½-½ (40) Gagare,S (2501)-Ivanisevic,I (2583) St Petersburg 2018}) 8. bxc3 Qd7 9. d3 {White is better.} b6 10. e4 Bb7 11. Ng5 (11. Qe2 $14) 11... h4 $11 12. f4 hxg3 13. hxg3 f6 14. Nf3 Qg4 15. Kf2 f5 16. Ng5 Nf6 17. Be3 (17. Bd2 $11 {keeps the balance.}) 17... Qxd1 $17 18. Raxd1 Ng4+ 19. Ke2 Rh2 20. Rg1 fxe4 21. Nxe4 Na5 22. Kf3 Nf6 23. Rh1 {[#]} Rxg2 $1 {[%mdl 576] Deflection} 24. Kxg2 $2 (24. Rh8+ $17 {was the only defense.} Kf7 25. Rxa8) 24... Nxe4 $19 25. dxe4 Bxe4+ 26. Kf2 Bxh1 ({Inferior is} 26... Nxc4 27. Rh8+ Kf7 28. Rxa8 $11) 27. Rxh1 {[%mdl 4096] Endgame Hoping for Rh8+. KRB-KRN} Kd7 28. Rh7 Rg8 29. Kf3 Nxc4 30. Bc1 Ke6 31. Kg4 Kf6 32. Kf3 d5 33. g4 b5 34. g5+ (34. Be3 {might work better.} Nxe3 35. Kxe3) 34... Ke6 35. Kg4 Nd6 36. Be3 {[#]} d4 $1 37. cxd4 Nf5 38. Bf2 cxd4 39. Kf3 Rd8 40. Rh1 a6 41. Rc1 d3 42. Ke4 $2 (42. Rd1) 42... d2 43. Rd1 Nd6+ {Accuracy: White = 24%, Black = 71%.} 0-1

[Event "Champions Showdown Kings Blitz 2019-E"]
[Site "Saint Louis"]
[Date "2019.02.22"]
[Round "19"]
[White "Rapport, Richard"]
[Black "Shankland, Samuel"]
[Result "0-1"]
[WhiteElo "2735"]
[BlackElo "2731"]
[Annotator "TA"]
[PlyCount "170"]
[EventDate "2019.02.09"]
[EventType "match"]
[EventCountry "USA"]
[SourceTitle "playchess.com"]
[Source "ChessBase"]
[SourceQuality "1"]

{[%evp 9,170,-19,-13,-22,0,-31,0,0,0,-8,0,0,0,0,0,0,0,-21,0,0,-17,-18,-16,-31,-6,-50,-11,-52,0,-62,-53,-94,0,-102,52,-95,89,-74,74,71,60,0,0,-35,-31,-45,-39,-33,-38,-58,-20,-40,-54,-62,-31,-39,-39,-35,-40,-41,-30,-132,0,0,0,0,18,0,25,26,20,0,0,0,0,0,0,-4,0,0,10,0,0,0,0,-65,-45,-85,-101,-122,-86,-96,0,-126,-122,-165,-75,-148,-72,-82,-82,-259,-68,-111,-50,-60,-27,-418,-8,-8,-8,-8,-8,-8,0,-8,-8,-8,-8,-8,-8,-8,-8,-8,-8,-8,-8,-1634,-1472,-1438,-1364,-29966,-29967,-29965,-29964,-29951,-29952,-29968,-29968,-29979,-29980,-29981,-29982,-29982,-29983,-29983,-29984,-29989,-29989,-29989,-29990,-29990,-29987,-29987,-29988,-29988,-29989,-29989,-29990,-29990,-29991,-29991,-29992]} 1. d4 d5 2. Nc3 Nf6 3. Bg5 e6 4. e3 c5 5. Nf3 a6 (5... Nc6 6. a3 h6 7. Bh4 Be7 8. dxc5 Bxc5 9. Bd3 O-O 10. O-O Be7 11. Re1 b6 12. Qe2 Bb7 {0-1 (54) Rapport,R (2707)-Andriasian,Z (2585) Riadh 2017}) 6. a3 {D01: Veresov Opening} Be7 7. Bd3 $146 ({Predecessor:} 7. b3 Nc6 8. dxc5 Bxc5 9. b4 Bd6 10. Bd3 Ne5 11. O-O Nxf3+ 12. Qxf3 {0-1 (39) Pavlovic,F-Funduk,D (1789) Croatia 2016}) 7... O-O 8. dxc5 {The position is equal.} Bxc5 9. O-O h6 10. Bxf6 Qxf6 11. e4 Rd8 12. e5 Qe7 13. Ne2 Nc6 14. Nf4 b5 {[%cal Bb7b5,Bb5b4][%mdl 32]} 15. Re1 Bb7 16. Qd2 b4 17. Nh5 a5 {[%cal Rb4a3]} 18. Qf4 (18. Nf6+ $5 Kh8 19. axb4 axb4 20. Qf4 $15) 18... Qf8 (18... bxa3 $15 19. bxa3 Kh8) 19. Qg4 (19. g4 $11) 19... Kh8 20. Ng5 Ne7 (20... hxg5 21. Nf6 $1 $16 {[%mdl 512]}) (20... bxa3 $17 21. bxa3 Ba6) 21. Nf4 (21. axb4 $11 axb4 22. Nf3) 21... g6 $2 ({Better is} 21... bxa3 $17 22. bxa3 Bc6) 22. Qh3 (22. Qh4 $1 $14 {was forced to keep a grip.}) 22... Qg7 $2 (22... bxa3 $17 23. bxa3 Rdb8) 23. Re2 $2 (23. axb4 $16 Bxb4 24. Nxf7+ Qxf7 25. Qxh6+ {[%mdl 64] Double Attack} Qh7 26. Qxh7+ Kxh7 27. c3 (27. Nxe6 Bxe1 28. Nxd8 Bxf2+ 29. Kxf2 Rxd8 $15)) 23... Bc8 (23... bxa3 $17 {keeps the pressure on.} 24. bxa3 Rf8) 24. axb4 $16 Bxb4 25. c3 (25. Nxf7+ $1 $14 Qxf7 26. Qxh6+ Kg8 27. Nh5 $1 {[%mdl 512]} (27. Nxg6 Nxg6 28. Re3 Qg7 $15) (27. Bxg6 Qg7 $11) 27... gxh5 28. Re3) 25... Bc5 $11 26. Ra4 Bd7 27. Ra2 a4 (27... Kg8 $5 28. Nf3 $8 a4 $15) 28. Nf3 Kg8 29. Bc2 Nc6 30. Nd3 Be7 31. Rxa4 Rxa4 32. Bxa4 Nxe5 $1 33. Ndxe5 Bxa4 34. Nd4 Bf6 35. Ng4 (35. Qg3 $11 {remains equal.}) 35... h5 (35... Bxd4 $17 36. Nxh6+ Kf8 37. cxd4 Qxd4) 36. Nxf6+ Qxf6 37. Qg3 Kg7 38. h4 Rc8 39. Re5 Kf8 40. Rg5 Bd7 41. Qd6+ Qe7 42. Qf4 {aiming for Rxg6.} Kg7 $1 43. Qg3 Kf8 44. Re5 Qf6 45. Re3 Kg7 46. Rf3 Qe7 47. Qe5+ (47. Re3 $11 Kg8 48. Re1) 47... f6 $15 48. Qe3 e5 49. Nc2 Bg4 50. Rg3 Bf5 (50... Qc5 $17 51. Qxc5 Rxc5) 51. Qd2 {[#]} (51. Nd4 $1 $11 Bg4 52. f3) 51... d4 $1 $17 {[%mdl 512]} 52. Nb4 (52. cxd4 Rxc2) 52... dxc3 (52... Qb7 $19 {is more deadly.} 53. Qe2 Ra8) 53. bxc3 (53. Rxc3 $142 Rd8 54. Nc6 Rxd2 55. Nxe7) 53... Rd8 ({Black should try} 53... Rc4 $1 54. Re3 Rxh4) 54. Qe3 Qc7 55. Kh2 $2 {[#]} (55. Qe2 $17) 55... Qd6 $2 (55... Qc4 $1 $19 {[%cal Rc4h4]} 56. f4 Qxf4 57. Qxf4 exf4) 56. Qf3 Bg4 (56... e4 $17 57. Qe3 Qc7) 57. Qe4 f5 58. Qc6 $2 {[%mdl 8192]} (58. Qe1 $1 $11 {and White is okay.}) 58... Qxc6 $2 ({Black should play} 58... f4 $19 59. Rxg4 hxg4) 59. Nxc6 $19 {[%mdl 4096] Endgame KRB-KRN} Rd5 {White must now prevent ...f4.} 60. Re3 $132 {[%mdl 2048] White puts up resistance} Kf6 61. Nb4 Rd1 62. f3 f4 63. Rd3 Rxd3 64. Nxd3 $11 {KB-KN} Bf5 65. Nf2 $1 Ke6 {With the idea ...Kd5.} 66. g3 Kd5 {next ...Kc4 is good for Black.} 67. gxf4 $1 exf4 {White should prevent ...Kc4.} 68. Nd1 $2 {[%mdl 8192]} (68. Kg2 $11) 68... Kc4 $19 69. Kg2 {[#]} Kd3 $1 {[%cal Rd3c2]} 70. Kg1 Ke2 {[%mdl 64] Double Attack. Black mates.} 71. Nf2 Kxf3 72. c4 Kg3 73. c5 Kxh4 74. c6 Kg3 75. c7 Kf3 76. Nd3 h4 77. Ne5+ Kg3 78. Nxg6 f3 79. Kf1 h3 80. Ne7 Bd3+ 81. Ke1 f2+ 82. Kd2 Ba6 83. Nf5+ Kf4 84. Ne3 h2 85. Nd5+ Kf3 {Accuracy: White = 32%, Black = 44%.} 0-1

[Event "Champions Showdown Kings Blitz 2019-E"]
[Site "Saint Louis"]
[Date "2019.02.22"]
[Round "20"]
[White "Shankland, Samuel"]
[Black "Rapport, Richard"]
[Result "0-1"]
[WhiteElo "2731"]
[BlackElo "2735"]
[Annotator "TA"]
[PlyCount "84"]
[EventDate "2019.02.09"]
[EventType "match"]
[EventCountry "USA"]
[SourceTitle "playchess.com"]
[Source "ChessBase"]
[SourceQuality "1"]

{[%evp 24,84,0,-6,21,21,32,-10,0,0,0,0,4,-31,-35,-30,-13,-25,0,-138,0,0,0,-58,-63,-83,-90,-70,0,0,0,0,132,-302,-329,-302,-320,-324,-163,-147,-164,-165,-165,-165,-165,-165,-165,-165,-165,-165,-165,-165,-165,-165,-166,-438,-412,-858,-840,-29974,-29975,-29979,-29970]} 1. Nf3 Nf6 2. c4 Nc6 3. g3 e5 4. d3 g6 5. Bg2 Bg7 6. O-O O-O 7. Nc3 d6 8. Rb1 a5 9. a3 Re8 10. Nd2 Nd4 11. e3 Ne6 12. b4 axb4 13. axb4 h5 {A26: English Opening vs King's Indian with ...Nc6 and d3} (13... c6 14. Qb3 h5 15. h4 Ng4 16. Bb2 f5 17. b5 Bd7 18. Nf3 f4 19. exf4 exf4 20. Ne4 fxg3 21. fxg3 {½-½ (43) Artemiev,V (2662)-Shirov,A (2675) Moscow 2014}) 14. Bb2 $146 ({Predecessor:} 14. Nf3 c6 15. Bb2 Nc7 16. e4 d5 17. exd5 cxd5 18. Re1 dxc4 19. dxc4 Bf5 20. Ra1 Qe7 21. Rxa8 Rxa8 22. Qb3 Nfe8 23. Nd5 Nxd5 24. cxd5 f6 25. Nh4 Nd6 26. Nxf5 Nxf5 27. d6+ {1-0 (27) Jadoul,M (2395)-Lachique,F (2174) France 2001}) 14... h4 15. Qb3 hxg3 {The position is equal.} 16. hxg3 Ng4 17. Ra1 Rb8 18. Ra7 Qg5 19. Nf3 Qh6 20. Rfa1 Bd7 21. Ne4 (21. Nd5 $11 {keeps the balance.}) 21... b5 (21... f5 $17 22. Ned2 Nxe3 $1 {[%mdl 512]} 23. fxe3 Qxe3+ 24. Kf1 e4) 22. c5 $1 $36 {[%cal Rc5d6][%mdl 2048] White has the initiative.} dxc5 23. bxc5 (23. Nxc5 $11 Nxc5 24. bxc5) 23... Bc6 $15 24. Qc2 f5 25. Ned2 Nxe3 ({Better is} 25... e4 $15 26. Bxg7 Nxg7 27. Qb3+ Kh8) 26. fxe3 $11 Qxe3+ {[%mdl 64] Double Attack} 27. Kf1 Nxc5 {[#]} (27... e4 $11 {remains equal.} 28. Re1 Qxd3+ 29. Qxd3 exd3 30. Bxg7 Kxg7) 28. Re1 $2 {[%mdl 8192]} (28. R7a3 $1 $16 {is necessary to keep the advantage.} e4 29. dxe4 Bxe4 30. Rxe3 (30. Nxe4 Qxe4 31. Rc1 b4 $17) 30... Bxc2 31. Rxe8+ Rxe8 32. Bxg7 Kxg7 33. Rc1 Bd3+ 34. Kg1) 28... Qxd3+ $19 29. Qxd3 Nxd3 30. Rxc7 Rbc8 (30... Nxe1 $142 31. Kxe1 Rbc8 32. Rxc8 Rxc8) 31. Rxc6 Rxc6 32. Nxe5 Rd6 33. Nxd3 Rxe1+ 34. Kxe1 {Hoping for Ne5.} Rxd3 35. Bf1 {Bxg7 is the strong threat.} Rxg3 36. Bxg7 Kxg7 37. Bxb5 Kf6 38. Kf2 Ra3 39. Be2 $2 (39. Nc4 Rb3 40. Ba6) 39... g5 40. Nf1 (40. Bc4 $142) 40... g4 41. Ne3 {[#]} g3+ $1 {[%mdl 512]} 42. Kf3 {[#]} (42. Kxg3 Rxe3+) 42... g2 $1 {[%mdl 512] Accuracy: White = 36%, Black = 49%.} 0-1

[Event "Champions Showdown Kings Blitz 2019-E"]
[Site "Saint Louis"]
[Date "2019.02.22"]
[Round "21"]
[White "Rapport, Richard"]
[Black "Shankland, Samuel"]
[Result "1-0"]
[WhiteElo "2735"]
[BlackElo "2731"]
[Annotator "TA"]
[PlyCount "107"]
[EventDate "2019.02.09"]
[EventType "match"]
[EventCountry "USA"]
[SourceTitle "playchess.com"]
[Source "ChessBase"]
[SourceQuality "1"]

{[%evp 11,107,56,51,31,45,54,37,42,61,36,68,63,76,73,84,84,104,102,104,52,54,0,0,0,0,0,75,75,138,146,150,150,133,150,143,155,141,150,143,106,106,111,112,112,176,74,195,195,195,197,197,191,191,152,186,186,194,0,160,149,150,142,144,144,186,186,581,385,365,172,195,195,130,123,196,195,195,195,197,197,175,164,174,62,81,20,353,353,350,350,318,237,1128,1128,1107,1031,29988,29989]} 1. Nc3 c5 2. Nf3 d5 3. d4 e6 4. e4 Nf6 5. exd5 Nxd5 6. Nxd5 Qxd5 7. Be3 {C10: French with 3 Nc3: Unusual Black 3rd moves and 3...dxe4} cxd4 8. Qxd4 Qxd4 9. Nxd4 {White is slightly better.} a6 10. O-O-O (10. Be2 Be7 11. O-O O-O 12. Nb3 Nc6 13. c3 e5 14. Bc5 Re8 {½-½ (64) Misiano,F (2313)-Okhotnik,V (2464) Lugano 2015}) 10... Be7 11. Be2 O-O 12. Rhe1 $146 ({Predecessor:} 12. Rd2 Nd7 13. Nb3 Nf6 14. Bf3 e5 {1-0 (48) Holaszek,H-Gebauer,P Leysin 1967}) 12... Nd7 13. f4 Nf6 14. Bf3 Rd8 15. g4 (15. Nb3 $16) 15... Nd5 $14 16. Nf5 (16. Bd2 $14) 16... exf5 $11 17. Bxd5 fxg4 18. Bb6 Re8 (18... Rd7 $11 {remains equal.}) 19. Bc5 $1 $36 {[%mdl 2048] White is in control.} Be6 (19... Kf8 $142 20. Bc6 Be6 21. Bxe8 Bxc5) 20. Bxe7 Rxe7 {[#]} 21. f5 $1 {[%cal Rf5e6][%mdl 512]} Bxd5 (21... Bxf5 22. Rxe7) 22. Rxe7 {[%mdl 4096] Endgame KRR-KRB} Bc6 23. Rd4 h5 24. Kd2 Kf8 25. Re5 f6 26. Re6 Kf7 27. Ke3 $1 Rf8 (27... Rc8 $16 {might work better.}) 28. Rdd6 (28. c4 $18 {and White stays clearly on top.}) 28... Kg8 (28... Rc8 $16 {was worth a try.}) 29. Kf4 $18 Kh7 30. c4 Kh6 31. b4 Rc8 32. Re7 Bf3 33. c5 Bc6 34. Re2 $2 (34. Rd3 $18) 34... Rf8 $2 (34... a5 $11) 35. Red2 $16 Re8 36. Re6 {Rxe8 is the strong threat.} Ra8 37. Re7 Rc8 38. a4 g5+ $2 (38... Rb8 {is more resistant.} 39. a5 Rg8) 39. fxg6 Kxg6 40. Rb2 (40. a5 $142 Rb8 41. Rd6) 40... Rd8 41. b5 axb5 42. axb5 Bh1 (42... Bf3 $16 {is a better defense.} 43. c6 bxc6) 43. c6 bxc6 44. b6 Rd3 {[#] White must now prevent ...Rf3+.} 45. Re3 $1 {[%cal Re3d3][%mdl 1024] White has strong compensation.} Rd4+ 46. Kg3 Rd8 47. Ra3 ({White should try} 47. Re1 $18 Bf3 48. b7) 47... c5 $1 $14 48. Rc3 (48. Ra7 $16) 48... Kg5 $2 {[%mdl 8192]} (48... Bb7 $11 {and Black stays safe.}) 49. Rxc5+ $18 f5 {[#]} 50. h4+ $1 gxh3 51. Kxh3 Rd3+ $2 (51... Rb8 52. Kg3 Bb7) 52. Kh2 Be4 53. b7 Rd1 54. b8=Q {Accuracy: White = 58%, Black = 34%.} 1-0

[Event "Champions Showdown Kings Blitz 2019-E"]
[Site "Saint Louis"]
[Date "2019.02.24"]
[Round "22"]
[White "Shankland, Samuel"]
[Black "Rapport, Richard"]
[Result "1/2-1/2"]
[WhiteElo "2731"]
[BlackElo "2735"]
[Annotator "TA"]
[PlyCount "109"]
[EventDate "2019.02.09"]
[EventType "match"]
[EventCountry "USA"]
[SourceTitle "playchess.com"]
[Source "ChessBase"]
[SourceQuality "1"]

{[%evp 9,109,17,29,19,34,-3,42,14,13,6,12,8,12,10,9,12,10,10,10,13,18,-31,0,0,0,0,0,0,0,0,0,0,0,0,0,0,0,0,43,28,108,87,97,8,168,121,171,119,153,77,70,29,35,15,78,79,77,70,132,0,19,17,16,24,24,17,15,20,180,118,122,104,117,0,0,0,0,0,0,0,0,-8,0,0,0,0,0,0,0,-12,-9,-9,-9,-9,-8,-9,0,0,0,0,0,0]} 1. Nf3 Nf6 2. g3 g6 3. Bg2 Bg7 4. O-O O-O 5. c4 c6 6. b3 {A15: English Opening: 1...Nf6} d6 (6... Ne4 7. d4 d5 8. Bb2 a5 9. Nc3 Bf5 10. e3 Nxc3 11. Bxc3 Be4 12. Qe2 Nd7 13. Rfc1 e6 14. Bh3 Bxf3 15. Qxf3 Qe7 16. Rab1 Rfc8 17. cxd5 exd5 18. b4 axb4 19. Bxb4 {1-0 (51) Oparin,G (2613)-Dubov,D (2703) St Petersburg 2018}) 7. Bb2 Qa5 8. h3 {White is slightly better.} e5 9. d3 Re8 10. e4 $146 ({Predecessor:} 10. Nbd2 Qc7 11. Qc2 a5 12. a3 Na6 13. Rfe1 h6 14. e4 c5 {1-0 (25) Cvetkovic,S (2327)-Mihajlovic,M (2086) Belgrade 2015}) 10... Na6 11. Nc3 Nc5 12. a3 Qb6 13. b4 Ne6 14. Rb1 a5 15. c5 Qd8 16. Na4 axb4 17. axb4 dxc5 18. bxc5 Nd7 $1 19. Qc2 Ra5 {[%cal Rd7c5]} 20. Bc3 Rb5 21. Bd2 Qe7 {[%cal Rd7c5]} 22. Be3 Ra5 23. Rfc1 f5 24. Bd2 Rb5 (24... Ra6 $11 {keeps the balance.}) 25. Rxb5 $16 cxb5 26. Nc3 (26. exf5 $1 $16 gxf5 27. Nb6) 26... Qxc5 $2 (26... Ndxc5 $11 {and Black has nothing to worry.} 27. Nd5 (27. Nxb5 Qd7 $11) 27... Qd8) 27. Qb3 Kh8 28. Nxb5 (28. exf5 $18 gxf5 29. Nxb5) 28... Qb6 29. Be3 (29. exf5 $142 gxf5 30. Qc4) 29... Ndc5 30. Qc4 {[%cal Re3c5]} Bd7 31. Nc3 {[%cal Bb5c3,Bc3e4,Be4d6][%mdl 32]} Rc8 (31... Qa6 $11 {remains equal.}) 32. exf5 gxf5 33. Qh4 $36 {[%mdl 2048] White has good play.} f4 (33... Bc6 $1 $14) 34. Bxc5 ({White should play} 34. Nd5 $16 Qb2 35. gxf4 exf4 36. Nxf4) 34... Rxc5 ({Don't go for} 34... Nxc5 $2 35. Nd5 $18) (34... Qxc5 $5 35. Ne2 $8 Qd6 $11) 35. Rb1 Qd8 {Threatens to win with ...Qxh4.} 36. Ne4 Qxh4 37. Nxh4 Rb5 38. Ra1 h6 $2 {[#]} (38... fxg3 $11 {and Black stays safe.} 39. fxg3 Nc7) 39. Nd6 (39. Ra8+ $1 $18 Kh7 40. Nc3) 39... Rb6 {[#]} 40. Ra8+ $1 ({Don't take} 40. Nxb7 Bf6 $14) 40... Bf8 41. Ng6+ (41. Nxb7 $6 Kg7 $11) (41. Nf7+ $16 Kg7 42. Nxe5 Rb1+ 43. Kh2 fxg3+ 44. fxg3) 41... Kg7 $11 {The position is equal.} 42. Nxf8 {And now Nf5+ would win.} Rxd6 43. Nxe6+ Bxe6 {[%mdl 4096] Endgame KRB-KRB} 44. Ra7 Bc8 45. Ra5 ({Much weaker is} 45. Bxb7 Rd7 $17) 45... fxg3 46. fxg3 Rxd3 47. Rxe5 Rxg3 48. Kh2 Rc3 49. Bxb7 Kf6 50. Rb5 Rxh3+ 51. Kg2 Bd7 52. Rd5 Be6 53. Rd6 {Hoping for Rxe6+!} Rc3 54. Bd5 Ke5 55. Rxe6+ {[%mdl 64] Double Attack. Accuracy: White = 56%, Black = 46%.} 1/2-1/2